=LDR 00000nam 2200000 4500 =001 INLIS000000000044280 =005 20131008105552 =008 ***********************************ind** =035 ##$$0010-101300000002202 =041 ##$$a ind =082 ##$$a 398.059 814 =090 ##$$a 398.059 814, Fat u =100 ##$$a FATMAHWATI =245 ##$$a Ujang Pengkau / Fatmajhwati =260 ##$$a 2008 $b Jakarta =300 ##$$a vi, 99 hlm, ilus, 21 cm =650 ##$$a Cerita Rakyat Riau =850 ##$$a NBPNMAT